"Ezer telik, ezer nem, kő kövön nem marad." előjelek, jövendölések a mondákban /

Stories about predictions of war and catastrophes form a rich subgroup of Hungarian legends. These stories are mostly on the verge of the genres, belief legend and historical legend. Several variants of the legend are known all over the Carpathian Basin in which the Halley Comet, frequent meteor sho...

Teljes leírás

Elmentve itt :
Bibliográfiai részletek
Szerző: Landgraf Ildikó
Dokumentumtípus: Könyv része
Megjelent: 2005
Sorozat:Szegedi vallási néprajzi könyvtár 14
Idő és emlékezet : tanulmányok az időről az ezredfordulón 14
Kulcsszavak:Vallástudomány, Népi vallásosság
Tárgyszavak:
Online Access:http://acta.bibl.u-szeged.hu/69883
LEADER 02417naa a2200253 i 4500
001 acta69883
005 20220202091112.0
008 200903s2005 hu o 0|| hun d
020 |a 963 7510 29 X 
022 |a 1419-1288 
040 |a SZTE Egyetemi Kiadványok Repozitórium  |b hun 
041 |a hun 
041 |a eng 
100 1 |a Landgraf Ildikó 
245 1 0 |a "Ezer telik, ezer nem, kő kövön nem marad."   |h [elektronikus dokumentum] :  |b előjelek, jövendölések a mondákban /  |c  Landgraf Ildikó 
260 |c 2005 
300 |a 49-56 
490 0 |a Szegedi vallási néprajzi könyvtár  |v 14 
490 0 |a Idő és emlékezet : tanulmányok az időről az ezredfordulón  |v 14 
520 3 |a Stories about predictions of war and catastrophes form a rich subgroup of Hungarian legends. These stories are mostly on the verge of the genres, belief legend and historical legend. Several variants of the legend are known all over the Carpathian Basin in which the Halley Comet, frequent meteor showers, and other rare astronomical phenomena are interpreted as the omens (heavenly signs) of world wars. Sometimes, in the stories interpreting the predictions of great historical events and changes, epidemics and famines, the end-of-theworld-feeling is also expressed. One specific type of the miner legends is the stories interpreting signs warning of disasters in mines (animals, strange voices, ghosts and other warnings of the coming danger). Besides great historical changes, the arrival of great men and extraordinary heroes were also predicted in the narratives. The characteristic feature of the heroes in historical legends is that the circumstances of their birth predicts their future greatness, the legend foretells their fates, the hero's birth is signalled by a star, he is born with a caul or with one more finger. All the hard historical times had their own heroes to help their peoples. The hero's birth can be anticipated from certain signs, it is awaited, his future great deeds are foretold (see Kossuth, Petőfi, the outlaws, etc.). The faith in re-emerging, immortal heroes (a rich thematic group of historical legends) is connected to this very expectation. 
650 4 |a Bölcsészettudományok 
650 4 |a Filozófia, etika és vallástudományok 
695 |a Vallástudomány, Népi vallásosság 
856 4 0 |u http://acta.bibl.u-szeged.hu/69883/1/szegedi_vallasi_014_049-056.pdf  |z Dokumentum-elérés